Stades de Ligue 2 (2025-2026) - Statistiques

Statistiques générales
  • Ce quiz a été pris 130 fois
    103 depuis la dernière actualisation
  • Le résultat moyen est 12 sur 18
Statistiques - réponses
Équipe Stade Capacité % Correct
AS Saint-Etienne Stade Geoffroy-Guichard 41 965
100%
Amiens Stade de la Licorne 12 999
90%
Montpellier Stade de la Mosson 22 000
90%
En Avant Guingamp Stade du Roudourou 18 462
88%
SC Bastia Stade Armand-Cesari 13 558
85%
Grenoble Foot 38 Stade des Alpes 20 068
85%
Stade de Reims Stade Auguste Delaune 20 546
77%
ESTAC Stade de l'Aube 20 420
77%
FC Annecy Parc des Sports d'Annecy 13 634
71%
Red Star Stade Bauer 5 600
67%
AS Nancy Lorraine Stade Marcel Picot 20 087
65%
Clermont Foot 63 Stade Gabriel-Montpied 10 800
63%
Le Mans FC Stade Marie-Marvingt 25 064
63%
Pau FC Nouste-Camp 4 500
60%
Stade Lavallois Stade Francis-Le-Basser 11 107
58%
Rodez Stade Paul-Lignon 6 800
37%
USL Dunkerque Stade Marcel-Tribut 4 933
35%
US Boulogne Stade de la Libération 6 700
33%
Aucun quiz correspondant
Distribution des résultats
% des personnes avec chaque résultat
Percentile par nombre de réponses
Votre historique - résultats
Vous n’avez pas pris ce quiz depuis la dernière actualisation